[Event "SV Rochade Eving 1 - SF Buer 1"]
[Site "Verbandsklasse, Gruppe 1 2017"]
[Date "2018.04.29"]
[Round "9.6"]
[White "Vollenberg, Joerg"]
[Black "Kreitling, Oliver"]
[Result "1/2-1/2"]
[WhiteElo "1400"]
[BlackElo "1794"]
[Annotator "Daniel"]
[PlyCount "67"]
[EventDate "2018.??.??"]

1. e4 e5 2. Nf3 Nc6 3. Bc4 Bc5 4. O-O Nf6 5. d3 h6 6. Nc3 d6 7. h3 O-O 8. Be3
Bxe3 9. fxe3 Na5 10. Nd2 Nxc4 11. Nxc4 c6 12. Qf3 b5 13. Nd2 Qe7 14. Ne2 Nh7
15. Kh2 Bd7 16. Ng3 g6 17. Rf2 Qh4 18. Ne2 Kg7 19. Raf1 $11 Qe7 20. Ng3 Be6 21.
Qe2 a5 22. a3 a4 23. d4 Bd7 24. c4 Rab8 25. Qd3 f6 26. Rc1 b4 27. c5 dxc5 28.
Rxc5 Rfd8 29. Qc4 Rb5 30. Rxb5 cxb5 31. Qxb4 Qxb4 32. axb4 Ng5 33. Ne2 Nf7 34.
Nc3 1/2-1/2

[Event "SV Rochade Eving 1 - SF Buer 1"]
[Site "Verbandsklasse, Gruppe 1 2017"]
[Date "2018.04.29"]
[Round "9.7"]
[White "Ebert, Manfred"]
[Black "Nathe, Nico"]
[Result "1-0"]
[WhiteElo "1921"]
[BlackElo "1321"]
[PlyCount "71"]
[EventDate "2018.??.??"]

1. c4 e6 2. g3 d5 3. Bg2 Nf6 4. Nf3 Bd6 5. O-O O-O 6. b3 c5 7. cxd5 exd5 8. d4
cxd4 9. Nxd4 Be5 10. Bb2 Re8 11. Nd2 Bg4 12. N2f3 Qd7 13. Nxe5 Rxe5 14. Nf3 Re6
15. Ne5 Qe7 16. Nxg4 Nxg4 17. Qxd5 Nc6 18. e3 Rd8 19. Qf3 Nge5 20. Qe2 Nb4 21.
Rad1 Nbd3 22. Bxe5 Nxe5 23. Rxd8+ Qxd8 24. Rd1 Rd6 25. Rxd6 Qxd6 26. Bxb7 Qc7
27. Qb5 g6 28. Kg2 Qe7 29. h3 Qg5 30. f4 Qh5 31. Qe8+ Kg7 32. Qxe5+ Qxe5 33.
fxe5 Kf8 34. Kf3 Ke7 35. Ke4 h5 36. h4 1-0

[Event "SV Rochade Eving 1 - SF Buer 1"]
[Site "Verbandsklasse, Gruppe 1 2017"]
[Date "2018.04.29"]
[Round "9.8"]
[White "Gehrmann, Nick"]
[Black "Seppelfricke, Guido"]
[Result "0-1"]
[WhiteElo "1294"]
[BlackElo "1876"]
[PlyCount "46"]
[EventDate "2018.??.??"]

1. e3 c5 2. c4 d5 3. b3 d4 4. exd4 cxd4 5. d3 e5 6. Nd2 Nc6 7. Ngf3 Nf6 8. Be2
Bf5 9. Ng5 Bb4 10. Qc2 Bc3 11. Rb1 Nb4 12. Qd1 Nxd3+ 13. Kf1 Nf4 14. Nde4 Nxe4
15. Bxf4 exf4 16. Nxe4 Bxe4 17. Bd3 Bxd3+ 18. Qxd3 O-O 19. Qe4 d3 20. Rd1 Re8
21. Qd5 d2 22. g3 Qxd5 23. cxd5 f3 0-1

[Event "SV Hamm 2 - SV Wattenscheid 3"]
[Site "Verbandsklasse, Gruppe 1 2017"]
[Date "2018.04.29"]
[Round "9.1"]
[White "Wolf, Ulrich"]
[Black "Fluegel, Thomas"]
[Result "1-0"]
[WhiteElo "2041"]
[BlackElo "1785"]
[PlyCount "53"]
[EventDate "2018.??.??"]

1. c4 Nf6 2. Nc3 g6 3. e4 d6 4. d4 Bg7 5. g3 O-O 6. Bg2 e5 7. Nge2 exd4 8. Nxd4
Nc6 9. Nxc6 bxc6 10. Qc2 Be6 11. Ne2 Rb8 12. Bd2 Nd7 13. Bc3 Ne5 14. b3 f5 15.
f4 Ng4 16. Bxg7 Kxg7 17. Qc3+ Qf6 18. Qxf6+ Rxf6 19. exf5 Ne3 20. fxe6 Nxg2+
21. Kf2 Rxe6 22. Nd4 Re4 23. Nxc6 Rb6 24. Nxa7 Ra6 25. Nb5 Ne3 26. Kf3 Re7 27.
Rae1 1-0

[Event "SV Hamm 2 - SV Wattenscheid 3"]
[Site "Verbandsklasse, Gruppe 1 2017"]
[Date "2018.04.29"]
[Round "9.2"]
[White "Boelling, Andreas"]
[Black "Thelen, Thomas"]
[Result "0-1"]
[WhiteElo "1721"]
[BlackElo "1979"]
[PlyCount "118"]
[EventDate "2018.??.??"]

1. e4 c5 2. Nf3 d6 3. d4 cxd4 4. Nxd4 Nf6 5. Nc3 a6 6. Be2 e5 7. Nb3 Be6 8. Bg5
Nbd7 9. O-O Be7 10. Bf3 O-O 11. a4 Qc7 12. a5 Rac8 13. Qd2 Rfe8 14. Rfd1 Bf8
15. h3 Be7 16. Be3 Red8 17. Kh2 d5 18. exd5 e4+ 19. g3 Ne5 20. Bg2 Nc4 21. Qc1
Bxd5 22. Nxd5 Nxd5 23. Bxe4 Ndxe3 24. Rxd8+ Rxd8 25. fxe3 Bh4 26. Qg1 Re8 27.
Bf3 Rxe3 28. Rf1 Qe5 29. Qf2 Bf6 30. c3 h5 31. Kg2 Qb5 32. Nd4 Qxb2 33. Qxb2
Nxb2 34. Nf5 Rxc3 35. Bxb7 Rc5 36. Bxa6 Rxa5 37. Be2 g6 38. Nd6 Re5 39. Bxh5
Re6 40. Rxf6 Rxf6 41. Ne4 Re6 42. Bf3 Nd3 43. g4 Rb6 44. Kf1 Rb2 45. Kg1 Kg7
46. Bg2 f6 47. Bf1 Ne5 48. Nf2 Nf3+ 49. Kg2 Nh4+ 50. Kg3 g5 51. Bc4 Ng6 52. Be6
Re2 53. Bf5 Re3+ 54. Kh2 Rf3 55. Bxg6 Rxf2+ 56. Kg3 Ra2 57. Be4 Ra3+ 58. Bf3
Kf7 59. Kg2 Ke7 0-1

[Event "SV Hamm 2 - SV Wattenscheid 3"]
[Site "Verbandsklasse, Gruppe 1 2017"]
[Date "2018.04.29"]
[Round "9.3"]
[White "Sicars, Thorsten"]
[Black "Rosentreter, Burkhard"]
[Result "1-0"]
[WhiteElo "1945"]
[BlackElo "1717"]
[PlyCount "77"]
[EventDate "2018.??.??"]

1. d4 d5 2. Bf4 Nf6 3. e3 Bf5 4. c4 e6 5. Nc3 c6 6. Qb3 Qb6 7. c5 Qxb3 8. axb3
Nbd7 9. b4 Be7 10. f3 O-O 11. g4 Bg6 12. h4 h5 13. g5 Nh7 14. Bh3 Rfe8 15. Nge2
Nhf8 16. Rg1 Bf5 17. Bxf5 exf5 18. Kf2 g6 19. b5 Ne6 20. Bh2 Bd8 21. b6 a6 22.
b4 Be7 23. Nc1 Kg7 24. Nb3 f6 25. gxf6+ Bxf6 26. Bg3 Ndf8 27. Rh1 Re7 28. b5 a5
29. bxc6 bxc6 30. Ra4 Nd7 31. Ne2 Rae8 32. Bd6 Rf7 33. Rxa5 Be7 34. Bg3 Ref8
35. Ra7 Nf6 36. Be5 Kh6 37. Nf4 Nxf4 38. Bxf4+ Kh7 39. Na5 1-0

[Event "SV Hamm 2 - SV Wattenscheid 3"]
[Site "Verbandsklasse, Gruppe 1 2017"]
[Date "2018.04.29"]
[Round "9.4"]
[White "Brieger, Sebastian"]
[Black "Zwielich, Frank"]
[Result "1/2-1/2"]
[WhiteElo "1762"]
[BlackElo "1920"]
[PlyCount "34"]
[EventDate "2018.??.??"]

1. e4 c5 2. c3 d5 3. exd5 Qxd5 4. d4 e6 5. Nf3 Nc6 6. Be2 cxd4 7. cxd4 Nf6 8.
Nc3 Qa5 9. O-O Be7 10. a3 a6 11. h3 O-O 12. Re1 Rd8 13. Bf1 b5 14. Be3 Bb7 15.
Qe2 Nd5 16. Ne4 Rac8 17. b4 Qb6 1/2-1/2

[Event "SV Hamm 2 - SV Wattenscheid 3"]
[Site "Verbandsklasse, Gruppe 1 2017"]
[Date "2018.04.29"]
[Round "9.6"]
[White "Ales Garcia, Jose Luis Gabriel"]
[Black "Doehmann, Joerg"]
[Result "1/2-1/2"]
[WhiteElo "1561"]
[BlackElo "1717"]
[PlyCount "111"]
[EventDate "2018.??.??"]

1. e4 c6 2. Nf3 d5 3. exd5 cxd5 4. d4 Nc6 5. h3 Nf6 6. c4 Bf5 7. Nc3 e6 8. a3
Be7 9. Bd3 Bxd3 10. Qxd3 dxc4 11. Qxc4 O-O 12. O-O Rc8 13. Be3 Ne5 14. Qe2
Nxf3+ 15. Qxf3 Nd5 16. Nxd5 Qxd5 17. Qxd5 exd5 18. Rac1 Bd6 19. Rxc8 Rxc8 20.
Rc1 Rxc1+ 21. Bxc1 Kf8 22. Kf1 Ke7 23. Ke2 h5 24. f4 f5 25. Kf3 Kd7 26. g4 g6
27. g5 Kc6 28. Ke3 Kb5 29. Kd3 Ka4 30. Kc2 Bc7 31. b3+ Kb5 32. Bd2 Bb6 33. a4+
Kc6 34. Kc3 a6 35. b4 Bc7 36. Kb3 Bd6 37. Be3 Kb6 38. Bd2 Bf8 39. Bc3 Bg7 40.
Bb2 Kc6 41. Bc3 Bf8 42. Bd2 Kb6 43. Bc3 Bd6 44. Bd2 Bc7 45. Be3 Kc6 46. Bd2 Bb6
47. Be3 Ba7 48. Bf2 Bb8 49. Be3 Kb6 50. Bd2 Bd6 51. Be3 a5 52. b5 Bb4 53. Kc2
Kc7 54. Kd3 Be1 55. Kc2 b6 56. Kd3 1/2-1/2

[Event "SV Hamm 2 - SV Wattenscheid 3"]
[Site "Verbandsklasse, Gruppe 1 2017"]
[Date "2018.04.29"]
[Round "9.7"]
[White "Schlee, Ulrich"]
[Black "Wegner, Norwin"]
[Result "1-0"]
[WhiteElo "1704"]
[BlackElo "1209"]
[PlyCount "47"]
[EventDate "2018.??.??"]

1. e4 d5 2. exd5 Qxd5 3. Nc3 Qa5 4. d4 e5 5. dxe5 Bb4 6. Bd2 c6 7. Nf3 Bg4 8.
a3 Bxc3 9. Bxc3 Qc7 10. h3 Be6 11. Bd3 Qe7 12. O-O Nd7 13. Re1 Nh6 14. Qe2 O-O
15. Rad1 b6 16. Qe4 g6 17. Qxc6 Rac8 18. Qe4 Nc5 19. Qf4 Nf5 20. Bxf5 gxf5 21.
Nd4 Kh8 22. Nxf5 Qb7 23. Nd6 Qa8 24. Qf6+ 1-0

[Event "SV Hamm 2 - SV Wattenscheid 3"]
[Site "Verbandsklasse, Gruppe 1 2017"]
[Date "2018.04.29"]
[Round "9.8"]
[White "Reuter, Alfred"]
[Black "Hielscher, Klaus-Peter"]
[Result "1/2-1/2"]
[WhiteElo "1566"]
[BlackElo "1664"]
[PlyCount "32"]
[EventDate "2018.??.??"]

1. e4 c5 2. Be2 Nc6 3. f4 d6 4. Nf3 Nf6 5. d3 g6 6. O-O Bg7 7. c3 O-O 8. Qe1 e5
9. Na3 a6 10. Nc2 b5 11. Nh4 Rb8 12. f5 b4 13. Bg5 h6 14. Bd2 g5 15. Nf3 bxc3
16. bxc3 c4 1/2-1/2

[Event "FS Dortmund 1 - DJK Wacker Bergeborbeck"]
[Site "Verbandsklasse, Gruppe 1 2017"]
[Date "2018.04.29"]
[Round "9.1"]
[White "Landscheidt, Heinz"]
[Black "Reichmann, Oleg"]
[Result "1/2-1/2"]
[WhiteElo "1848"]
[BlackElo "1988"]
[PlyCount "59"]
[EventDate "2018.??.??"]

1. e4 c6 2. d4 d5 3. exd5 cxd5 4. Bd3 Nf6 5. c3 e6 6. Nf3 Be7 7. O-O Nc6 8. Re1
O-O 9. Bf4 Bd7 10. Ne5 Be8 11. Nd2 b5 12. Ndf3 b4 13. Nxc6 Bxc6 14. Ne5 Be8 15.
Re3 bxc3 16. bxc3 Ne4 17. Bxe4 dxe4 18. Rxe4 Qa5 19. Bd2 Qd5 20. Re1 Rb8 21.
Rb1 Bb5 22. a4 Bc4 23. Nxc4 Qxc4 24. Qc2 Rbc8 25. Qb3 Qd3 26. Red1 Bf6 27. Be1
Qc4 28. g3 Rfd8 29. a5 Qc7 30. Qa4 1/2-1/2

[Event "FS Dortmund 1 - DJK Wacker Bergeborbeck"]
[Site "Verbandsklasse, Gruppe 1 2017"]
[Date "2018.04.29"]
[Round "9.2"]
[White "Khess, Igor"]
[Black "Dahlhaus, Friedhelm"]
[Result "1/2-1/2"]
[WhiteElo "1973"]
[BlackElo "1940"]
[PlyCount "122"]
[EventDate "2018.??.??"]

1. e4 e5 2. Nf3 Nc6 3. Bc4 Bc5 4. O-O Nf6 5. Re1 d6 6. h3 O-O 7. c3 Be6 8. Bb3
Qd7 9. Bxe6 fxe6 10. d4 exd4 11. cxd4 Bb6 12. Nc3 Rae8 13. Na4 e5 14. Nxb6 axb6
15. d5 Ne7 16. Kh2 h6 17. Qc2 Ng6 18. Be3 Nh5 19. Ng1 Nh4 20. g3 Nf3+ 21. Nxf3
Rxf3 22. Rac1 Qf7 23. Qe2 Rf8 24. Rg1 g5 25. Rc3 Qg6 26. Qc2 Nf6 27. Rxc7 Qxe4
28. Qxe4 Nxe4 29. Rxb7 Nxf2 30. Bxf2 Rxf2+ 31. Rg2 R2f6 32. Rxb6 e4 33. Rb3 Re8
34. Re3 Rf5 35. Rd2 Ree5 {(=)} 36. Kg1 Kf7 37. Rf2 Kf6 38. Rxf5+ Kxf5 39. a4
Rxd5 40. b4 Rd2 41. Ra3 Rb2 42. a5 Rxb4 43. a6 Rb8 44. Ra5+ Ke6 45. a7 Ra8 46.
Kf2 d5 47. Ke3 Ke5 48. g4 Kf6 49. Kd4 Ke6 50. Ra6+ Kf7 51. Rxh6 Kg7 52. Ra6 Kf7
53. Ra3 Ke6 54. Ra5 Kf6 55. Kxd5 e3 56. Ra6+ Kf7 57. Ke4 e2 58. Ra1 Kf6 59. Kf3
Rxa7 60. Re1 Ra3+ 61. Kxe2 Rxh3 {(=)} 1/2-1/2

[Event "FS Dortmund 1 - DJK Wacker Bergeborbeck"]
[Site "Verbandsklasse, Gruppe 1 2017"]
[Date "2018.04.29"]
[Round "9.3"]
[White "Grodotzki, Thomas"]
[Black "Brendemühl, Bernd"]
[Result "1-0"]
[WhiteElo "1941"]
[BlackElo "1896"]
[PlyCount "91"]
[EventDate "2018.??.??"]

1. d4 Nf6 2. Nc3 d5 3. Bf4 c6 4. e3 g6 5. Be2 Bg7 6. h4 h5 7. Nh3 Bf5 8. Ng5
Qd7 9. f3 Na6 10. Bxa6 bxa6 11. Na4 O-O 12. Nc5 Qc8 13. e4 dxe4 14. fxe4 Bg4
15. Qd3 a5 16. O-O Nd7 17. Nxd7 Qxd7 18. c3 e5 19. Be3 exd4 20. cxd4 Rad8 21.
Rac1 Bxd4 22. Qxd4 Qxd4 23. Bxd4 Rxd4 24. Rxc6 a4 25. Ra6 Be2 26. Rxg6+ fxg6
27. Rxf8+ Kxf8 28. Ne6+ Kf7 29. Nxd4 Bc4 30. a3 Kf6 31. Kf2 g5 32. g3 gxh4 33.
gxh4 Ke5 34. Ke3 a6 35. Nf3+ Kf6 36. Kf4 Be2 37. e5+ Ke7 38. Nd4 Bg4 39. Ke4
Bh3 40. Kd5 Bg4 41. Nc6+ Ke8 42. Kd6 Be2 43. Nd4 Bg4 44. Ne6 Kf7 45. Nc7 Bc8
46. e6+ 1-0

[Event "FS Dortmund 1 - DJK Wacker Bergeborbeck"]
[Site "Verbandsklasse, Gruppe 1 2017"]
[Date "2018.04.29"]
[Round "9.4"]
[White "Grube, Jörg"]
[Black "Mombeck, Michael"]
[Result "0-1"]
[WhiteElo "1833"]
[BlackElo "1975"]
[PlyCount "50"]
[EventDate "2018.??.??"]

1. e4 c5 2. Nf3 d6 3. d4 cxd4 4. Nxd4 Nf6 5. Nc3 g6 6. f3 Bg7 7. Be3 Nc6 8. Qd2
O-O 9. O-O-O Be6 10. g4 Ne5 11. h4 Qa5 12. Kb1 Rfc8 13. a3 Nc4 14. Bxc4 Rxc4
15. h5 Rac8 16. Nde2 b5 17. hxg6 fxg6 18. Bd4 b4 19. axb4 Rxb4 20. Qe3 Rcb8 21.
Nd5 Nxd5 22. exd5 Rxb2+ 23. Bxb2 Rxb2+ 24. Kc1 Rb1+ 25. Kxb1 Qa1# 0-1

[Event "FS Dortmund 1 - DJK Wacker Bergeborbeck"]
[Site "Verbandsklasse, Gruppe 1 2017"]
[Date "2018.04.29"]
[Round "9.5"]
[White "Brandhorst, Dieter"]
[Black "Lauche, Christoph"]
[Result "0-1"]
[WhiteElo "1898"]
[BlackElo "1833"]
[PlyCount "118"]
[EventDate "2018.??.??"]

1. e4 d6 2. d4 Nf6 3. Nc3 Nbd7 4. f4 e5 5. Nf3 exd4 6. Nxd4 g6 7. Be2 Bg7 8.
O-O O-O 9. f5 Nc5 10. Bg5 h6 11. Bxf6 Qxf6 12. Ncb5 g5 13. c3 c6 14. Na3 Nxe4
15. Nc4 Re8 16. Ne3 Nxc3 17. bxc3 Rxe3 18. Qd2 Rxc3 19. Rad1 Qxd4+ 20. Qxd4
Bxd4+ 21. Rxd4 d5 22. Rd2 Bd7 23. f6 Re8 24. Bh5 Rce3 25. Kf2 R3e4 26. g3 g4
27. h3 d4 28. hxg4 R8e6 29. g5 hxg5 30. Kg2 g4 31. Rdf2 c5 32. Rh1 Be8 33. Rh4
Re2 34. Rxg4+ Kf8 35. Rxe2 Rxe2+ 36. Kf3 Re6 37. Rf4 Bd7 38. g4 d3 39. g5 d2
40. Kf2 b5 41. Rh4 Ke8 42. Bxf7+ Kxf7 43. Rh7+ Kg6 44. Rg7+ Kh5 45. Rxd7 Kxg5
46. f7 d1=Q 47. Rxd1 Rf6+ 48. Ke3 Rxf7 49. Rd6 Re7+ 50. Kd3 Rc7 51. Kc3 Kf5 52.
Ra6 Ke5 53. a4 b4+ 54. Kc4 Rb7 55. Rh6 b3 56. Rh1 b2 57. Rb1 Kd6 58. a5 Rb4+
59. Kc3 Kc6 0-1

[Event "FS Dortmund 1 - DJK Wacker Bergeborbeck"]
[Site "Verbandsklasse, Gruppe 1 2017"]
[Date "2018.04.29"]
[Round "9.6"]
[White "Jost, Udo"]
[Black "Schädlich, Andreas"]
[Result "0-1"]
[WhiteElo "1812"]
[BlackElo "1864"]
[PlyCount "90"]
[EventDate "2018.??.??"]

1. c4 c5 2. Nf3 Nc6 3. e3 g6 4. d4 cxd4 5. exd4 Bg7 6. Nc3 Nf6 7. d5 Nb8 8. Be2
d6 9. Be3 Nbd7 10. Qc2 Nc5 11. Nd4 Ng4 12. Rd1 Nxe3 13. fxe3 O-O 14. O-O Qb6
15. Qb1 Bd7 16. Rd2 Rad8 17. b4 Na6 18. a3 Nc7 19. Nd1 e5 20. Nb3 Na6 21. Kh1
f5 22. Rc2 Ba4 23. Rf3 Bxb3 24. Qxb3 Nc5 25. Qa2 Ne4 26. c5 dxc5 27. bxc5 Nxc5
28. Rh3 Qd6 29. Bc4 Ne4 30. Qb1 Rd7 31. Rb2 b6 32. Qd3 Nc5 33. Qe2 f4 34. e4
Rdf7 35. Qf3 a6 36. Nc3 b5 37. Ba2 h6 38. Rb4 Kh7 39. Nd1 Nd7 40. Rb2 Nf6 41.
Bb1 Rc8 42. Bc2 Rfc7 43. Qb3 Qc5 44. Rf3 Qd4 45. Nf2 Rxc2 0-1

[Event "FS Dortmund 1 - DJK Wacker Bergeborbeck"]
[Site "Verbandsklasse, Gruppe 1 2017"]
[Date "2018.04.29"]
[Round "9.7"]
[White "Alinsug, Salvadore"]
[Black "Schulz-Runge, Michael"]
[Result "1/2-1/2"]
[WhiteElo "1774"]
[BlackElo "1720"]
[PlyCount "67"]
[EventDate "2018.??.??"]

1. e4 e5 2. Nf3 Nf6 3. Nc3 Nc6 4. Bc4 Bc5 5. h3 O-O 6. a3 a5 7. d3 h6 8. Ne2 d5
9. exd5 Nxd5 10. O-O Be6 11. c3 Qd7 12. d4 exd4 13. Nexd4 Nxd4 14. Nxd4 Nxc3
15. Bxe6 Qxd4 16. Qxd4 Ne2+ 17. Kh1 Nxd4 18. Bc4 Nc2 19. Rb1 Rad8 20. g4 c6 21.
Bb3 Nd4 22. Bd1 Rfe8 23. Be3 Rd5 24. Rc1 {(=)} 24... Bd6 25. Kg2 Kf8 26. Rc4 c5
27. a4 b6 28. Rc3 Bb8 29. Rd3 Red8 30. Rc3 Nf5 31. Be2 Nxe3+ 32. Rxe3 Rd2 33.
b3 R8d4 34. Bc4 {(=)} 1/2-1/2

[Event "FS Dortmund 1 - DJK Wacker Bergeborbeck"]
[Site "Verbandsklasse, Gruppe 1 2017"]
[Date "2018.04.29"]
[Round "9.8"]
[White "Potyrala, Lukasz-Rafal"]
[Black "Grimke, Michael"]
[Result "0-1"]
[WhiteElo "1649"]
[BlackElo "1705"]
[PlyCount "162"]
[EventDate "2018.??.??"]

1. d4 g6 2. Nf3 Bg7 3. Bf4 Nf6 4. e3 d6 5. c3 Bd7 6. Nbd2 b5 7. Qb3 c6 8. c4 a5
9. cxb5 a4 10. Qc3 cxb5 11. Bg3 O-O 12. Be2 Qb6 13. O-O Rc8 14. Qd3 d5 15. Ne5
Be8 16. Rfc1 Na6 17. a3 Nc7 18. Rc2 b4 19. Ndf3 b3 20. Rcc1 Ne4 21. Qd1 Nb5 22.
Bd3 Nbc3 23. Qf1 f6 24. Bxe4 dxe4 25. Nc4 Qb5 26. Nfd2 Na2 27. Nxe4 Nxc1 28.
Rxc1 Bf7 29. Nc5 Bxc4 30. Rxc4 e5 31. Qc1 Bf8 32. Rb4 Qa5 33. Qc4+ Kh8 34. Qf7
Rc6 35. h4 Qc7 36. Qd5 Rd8 37. Qe4 Bxc5 38. dxc5 Rxc5 39. h5 Qc6 40. Qh4 g5 41.
Qg4 Rc2 42. h6 Rxb2 43. Qf5 Qd6 44. Kh2 Qf8 45. Kh3 Qxh6+ 46. Bh4 Qg7 47. Bg3
Qd7 48. Qxd7 Rxd7 49. Kg4 Kg7 50. Kf5 Rbd2 51. Rb6 b2 52. f4 exf4 53. exf4 Rxg2
54. Ke6 Ra7 55. fxg5 Re2+ 56. Kf5 Ra5+ 57. Kf4 fxg5+ 58. Kf3 Rc2 59. Ke4 Rac5
60. Be5+ Kf7 61. Bxb2 g4 62. Bd4 Rc6 63. Rb7+ Rc7 64. Rb5 g3 65. Rf5+ Ke8 66.
Rg5 g2 67. Rg8+ Kd7 68. Rg7+ Kc6 69. Rg8 Ra2 70. Rg5 Re7+ 71. Kf3 Rxa3+ 72.
Kxg2 Re2+ 73. Kf1 Rc2 74. Rh5 Rb3 75. Rh6+ Kd5 76. Bf2 Rb1+ 77. Kg2 Rbb2 78.
Rh5+ Kc4 79. Rh4+ Kb3 80. Rh3+ Ka2 81. Rf3 Rxf2+ 0-1

[Event "SG Drewer 1 - SW Oberhausen 1"]
[Site "Verbandsklasse, Gruppe 1 2017"]
[Date "2018.04.29"]
[Round "9.1"]
[White "Puetter, Pascal"]
[Black "Nebel, Jens"]
[Result "1/2-1/2"]
[WhiteElo "1975"]
[BlackElo "2071"]
[PlyCount "41"]
[EventDate "2018.??.??"]

1. Nf3 e6 2. d4 f5 3. g3 Nf6 4. Bg2 Be7 5. O-O O-O 6. c4 d6 7. b3 Nbd7 8. Bb2
Ne4 9. Nbd2 Qe8 10. e3 Ndf6 11. Nxe4 Nxe4 12. Nd2 Ng5 13. f4 Nf7 14. e4 Nh6 15.
Qe2 Bf6 16. e5 dxe5 17. fxe5 Bg5 18. Ba3 Be7 19. Bxe7 Qxe7 20. Rad1 Rb8 21. Nf3
1/2-1/2

[Event "SG Drewer 1 - SW Oberhausen 1"]
[Site "Verbandsklasse, Gruppe 1 2017"]
[Date "2018.04.29"]
[Round "9.2"]
[White "Mittmann, Volker"]
[Black "Hortolani, Sven-Holger"]
[Result "1/2-1/2"]
[WhiteElo "1905"]
[BlackElo "2057"]
[PlyCount "42"]
[EventDate "2018.??.??"]

1. e4 e6 2. d4 d5 3. Nc3 Nf6 4. e5 Nfd7 5. Nf3 c5 6. Bg5 Qb6 7. dxc5 Nxc5 8.
Qd2 Nc6 9. O-O-O Bd7 10. h4 a5 11. h5 h6 12. Be3 Qd8 13. Bb5 Na7 14. Nd4 Nxb5
15. Ndxb5 Bxb5 16. Nxb5 Qd7 17. Qe2 Be7 18. Rh3 a4 19. a3 Ne4 20. f3 Ra5 21.
fxe4 Rxb5 1/2-1/2

[Event "SG Drewer 1 - SW Oberhausen 1"]
[Site "Verbandsklasse, Gruppe 1 2017"]
[Date "2018.04.29"]
[Round "9.3"]
[White "Schwerdtfeger, Joachim"]
[Black "Arnold, Ulrich"]
[Result "1/2-1/2"]
[WhiteElo "1893"]
[BlackElo "1827"]
[Annotator "Daniel"]
[PlyCount "47"]
[EventDate "2018.??.??"]

1. e4 e6 2. d4 d5 3. Nd2 dxe4 4. Nxe4 Bd7 5. Nf3 Bc6 6. Bd3 Nd7 7. O-O Ngf6 8.
Qe2 Be7 9. Ne5 Bxe4 10. Bxe4 Nxe4 11. Qxe4 c6 $11 12. Be3 O-O 13. Rad1 Nf6 14.
Qd3 Qa5 15. a3 Rfd8 16. Qe2 Nd7 17. Nd3 Qb5 18. Rfe1 Nf6 19. c3 Nd5 20. Bc1 Nf6
21. Qf3 Qd5 22. Qh3 Qh5 23. Qxh5 Nxh5 24. g4 1/2-1/2

[Event "SG Drewer 1 - SW Oberhausen 1"]
[Site "Verbandsklasse, Gruppe 1 2017"]
[Date "2018.04.29"]
[Round "9.4"]
[White "Nebel, Uwe"]
[Black "Matthes, Severin Johannes"]
[Result "0-1"]
[WhiteElo "1881"]
[BlackElo "1835"]
[PlyCount "84"]
[EventDate "2018.??.??"]

1. e4 c5 2. Nc3 e6 3. f4 Nc6 4. Bb5 Nd4 5. Nf3 a6 6. Bd3 Ne7 7. O-O Nec6 8. f5
c4 9. Bxc4 Nxf3+ 10. Rxf3 Ne5 11. fxe6 Nxf3+ 12. Qxf3 dxe6 13. d3 Bc5+ 14. Kh1
Qf6 15. Qxf6 gxf6 16. Bh6 b5 17. Bb3 Rg8 18. Rd1 Bd4 19. Bc1 Bb7 20. Ne2 Bb6
21. c3 O-O-O 22. Ng3 Bc7 23. Bc2 f5 24. Rf1 Bxg3 25. hxg3 Rxg3 26. Bf4 Rg4 27.
Bd1 Rh4+ 28. Kg1 Rxd3 29. g3 Rxf4 30. gxf4 Bxe4 31. Bh5 Rd2 32. Rf2 Rxf2 33.
Kxf2 f6 34. Ke3 Kd7 35. Kd4 Kd6 36. Be2 e5+ 37. Ke3 Bb1 38. a4 Kc5 39. b4+ Kc6
40. a5 Kd5 41. c4+ bxc4 42. b5 axb5 0-1

[Event "SG Drewer 1 - SW Oberhausen 1"]
[Site "Verbandsklasse, Gruppe 1 2017"]
[Date "2018.04.29"]
[Round "9.5"]
[White "Kuckelkorn, Joerg"]
[Black "Uhlich, Wilfried"]
[Result "1/2-1/2"]
[WhiteElo "1873"]
[BlackElo "1820"]
[PlyCount "53"]
[EventDate "2018.??.??"]

1. f4 d5 2. Nf3 g6 3. g3 c6 4. Bg2 Qb6 5. e3 Bg7 6. Nc3 Bg4 7. d4 Nd7 8. h3
Bxf3 9. Bxf3 e6 10. O-O h5 11. a4 a5 12. Ra3 Nh6 13. Rb3 Qa7 14. Ne2 Nf5 15.
Rd3 Nf6 16. Qe1 Nd6 17. b3 Nfe4 18. c4 f5 19. c5 Nc8 20. Ba3 Ne7 21. Kg2 Kf7
22. Rd1 Bf6 23. Nc1 h4 24. g4 fxg4 25. Bxg4 Nf5 26. Nd3 Rag8 27. Ne5+ 1/2-1/2

[Event "SG Drewer 1 - SW Oberhausen 1"]
[Site "Verbandsklasse, Gruppe 1 2017"]
[Date "2018.04.29"]
[Round "9.6"]
[White "Schaefer, Martin"]
[Black "Boecker, Juergen"]
[Result "0-1"]
[WhiteElo "1751"]
[BlackElo "1764"]
[PlyCount "74"]
[EventDate "2018.??.??"]

1. e4 e5 2. Nf3 Nf6 3. d3 Nc6 4. c4 Bc5 5. Be2 d6 6. Nc3 Nd4 7. O-O O-O 8. Na4
Ne6 9. Nxc5 Nxc5 10. b4 Ne6 11. h3 a5 12. b5 a4 13. Be3 b6 14. Rb1 Nd7 15. d4
exd4 16. Nxd4 Bb7 17. Nxe6 fxe6 18. f3 Qf6 19. Bd4 Qg5 20. Qc1 Qg3 21. Qe3 e5
22. Qf2 Qg6 23. Be3 Bxe4 24. Rb4 Nc5 25. Bxc5 dxc5 26. Rb2 Qg5 27. Rd1 Rad8 28.
Re1 Rd4 29. Bd1 Bb7 30. Kh1 e4 31. Bxa4 exf3 32. g3 Rfd8 33. h4 Qh6 34. Kh2 Rd2
35. Re8+ Rxe8 36. Rxd2 Qxd2 37. Qxd2 Re2+ 0-1

[Event "SG Drewer 1 - SW Oberhausen 1"]
[Site "Verbandsklasse, Gruppe 1 2017"]
[Date "2018.04.29"]
[Round "9.7"]
[White "Matthies, Jochen"]
[Black "Pennig, Felix"]
[Result "1-0"]
[WhiteElo "1776"]
[BlackElo "1786"]
[PlyCount "55"]
[EventDate "2018.??.??"]

1. d4 Nf6 2. Nf3 e6 3. e3 d5 4. Nbd2 c5 5. b3 Nc6 6. Bb2 Bd6 7. a3 O-O 8. Bd3
Rb8 9. c4 cxd4 10. exd4 dxc4 11. Nxc4 Bc7 12. O-O b5 13. Nce5 Ne7 14. Rc1 Bb7
15. Qe2 a6 16. Rfd1 Bb6 17. b4 Qd5 18. h3 Rfd8 19. Ng4 Nxg4 20. hxg4 Ng6 21.
Bxg6 hxg6 22. Qe5 Qb3 23. d5 f6 24. Qxe6+ Kh7 25. Bxf6 Bxf2+ 26. Kxf2 gxf6 27.
Rc7+ Kh6 28. Rh1# 1-0

[Event "SG Drewer 1 - SW Oberhausen 1"]
[Site "Verbandsklasse, Gruppe 1 2017"]
[Date "2018.04.29"]
[Round "9.8"]
[White "Berner, Henri"]
[Black "Hibbeln, Christian"]
[Result "0-1"]
[WhiteElo "1518"]
[BlackElo "1744"]
[PlyCount "64"]
[EventDate "2018.??.??"]

1. e4 e5 2. Nf3 d5 3. exd5 e4 4. Qe2 Nf6 5. Nc3 Be7 6. Nxe4 O-O 7. d3 Re8 8.
Be3 Qxd5 9. c4 Qf5 10. Nxf6+ Bxf6 11. O-O-O Nc6 12. Qd2 a5 13. d4 Nb4 14. Bd3
Qg4 15. Rdg1 Nxd3+ 16. Qxd3 Bf5 17. Qd2 Qe4 18. Kd1 Qb1+ 19. Qc1 Qd3+ 20. Qd2
Qxc4 21. b3 Qd5 22. Kc1 Be7 23. Qb2 Qc6+ 24. Kd1 Ba3 25. Qxa3 Qc2+ 26. Ke1 Bd3
27. Nd2 Rxe3+ 28. fxe3 Re8 29. Kf2 Qxd2+ 30. Kg3 Qxe3+ 31. Kh4 g5+ 32. Kh5 Bg6+
0-1

[Event "Rochade Steele/Kray 1 - Bochumer SV 2"]
[Site "Verbandsklasse, Gruppe 2 2017"]
[Date "2018.04.29"]
[Round "9.1"]
[White "Kraemer, Matthias"]
[Black "Happe, Ulrich"]
[Result "1-0"]
[WhiteElo "2216"]
[BlackElo "2091"]
[PlyCount "79"]
[EventDate "2018.??.??"]

1. e4 c5 2. Nf3 Nc6 3. Nc3 e6 4. d4 cxd4 5. Nxd4 Nf6 6. Nxc6 bxc6 7. e5 Nd5 8.
Ne4 Qc7 9. f4 Qb6 10. c4 Ne3 11. Qd3 Bb4+ 12. Bd2 O-O 13. Rc1 Nxf1 14. Rxf1
Bxd2+ 15. Qxd2 Rb8 16. Rf2 c5 17. Qd3 Bb7 18. Ng5 g6 19. Qh3 h5 20. Rd2 Rbd8
21. Qd3 Kg7 22. Rc3 f6 23. exf6+ Rxf6 24. Rb3 Qc6 25. Qe3 Kg8 26. Rbd3 d5 27.
Ne4 Rf5 28. Nxc5 Bc8 29. b4 Re8 30. Qd4 e5 31. Qxd5+ Qxd5 32. cxd5 exf4+ 33.
Kf2 Rd8 34. d6 Bd7 35. Ra3 Rf7 36. Rxa7 Bc6 37. Rxf7 Kxf7 38. d7 Ke7 39. h4 Rb8
40. a4 1-0

[Event "Rochade Steele/Kray 1 - Bochumer SV 2"]
[Site "Verbandsklasse, Gruppe 2 2017"]
[Date "2018.04.29"]
[Round "9.2"]
[White "Landau, Christian"]
[Black "Niekrens, Stefan"]
[Result "1-0"]
[WhiteElo "2048"]
[BlackElo "2027"]
[Annotator "Daniel"]
[PlyCount "79"]
[EventDate "2018.??.??"]

1. g3 Nf6 2. Bg2 g6 3. e4 d6 4. d4 Bg7 5. Nc3 O-O 6. Nge2 Nbd7 7. O-O c5 8. h3
cxd4 9. Nxd4 Ne5 10. Kh2 Nc6 11. Nde2 Be6 12. Nd5 Rc8 13. a4 Bxd5 14. exd5 Ne5
15. Ra2 Qc7 16. b3 Ned7 17. c4 a5 18. Re1 Nc5 19. Nd4 Rfe8 20. Rae2 Kf8 21. Nb5
$11 Qb6 22. Be3 Nfd7 23. Bd4 Bxd4 24. Qxd4 Kg8 25. Re3 Ne5 26. f4 Ned7 27. Qc3
e5 28. dxe6 Rxe6 29. Rxe6 fxe6 30. Rd1 Nxa4 31. Qe1 Nac5 32. Rxd6 Qd8 33. Bxb7
Nxb7 34. Qxe6+ Kh8 35. Rxd7 Qf8 36. Qe5+ Kg8 37. Qd5+ Kh8 38. Qxb7 Re8 39. Nd4
Qf6 40. Rf7 1-0